Ký ức 30-4 Hồi ký của nhiều tác giả
Sparad:
| Materialtyp: | Bok |
|---|---|
| Språk: | Vietnamese |
| Publicerad: |
Đồng Tháp
Hội Văn học nghệ thuật Đồng Tháp
2005
|
| Ämnen: | |
| Taggar: |
Lägg till en tagg
Inga taggar, Lägg till första taggen!
|
| Thư viện lưu trữ: | Trung tâm Học liệu Lê Vũ Hùng, Trường Đại học Đồng Tháp |
|---|
| LEADER | 01007pam a22003498a 4500 | ||
|---|---|---|---|
| 001 | 00034232 | ||
| 005 | 20171026081025.0 | ||
| 008 | 160524s2005 ||||||viesd | ||
| 041 | 0 | # | |a vie |
| 082 | 1 | 4 | |a 895.922 803 |b K600Ư |
| 245 | 1 | 0 | |a Ký ức 30-4 |b Hồi ký của nhiều tác giả |
| 260 | # | # | |a Đồng Tháp |c 2005 |b Hội Văn học nghệ thuật Đồng Tháp |
| 300 | # | # | |a 262 tr. |c 19 cm. |
| 500 | # | # | |a Đầu trang tên sách ghi: Công trình chào mừng các ngày lễ lớn 2004-2005 |
| 653 | # | # | |a Hồi ký |
| 653 | # | # | |a Đồng Tháp |
| 653 | # | # | |a Văn học Việt Nam |
| 653 | # | # | |a Tác phẩm |
| 653 | # | # | |a Kháng chiến |
| 852 | # | # | |j KD.0017766 |
| 852 | # | # | |b Kho đọc |j KD.0017766 |
| 910 | 0 | # | |d 24/05/2016 |
| 980 | # | # | |a Trung tâm Học liệu Lê Vũ Hùng, Trường Đại học Đồng Tháp |